000 00867nas a2200277 4500
001 BR7900835
003 BR-BrBNA
005 20231205083628.0
007 ta
008 230509b bl.|||p| |||| 00| 00por d
040 _aBR-BrBNA
_bpor
_cBiblioteca Nacional de Agricultura
041 _a(Pt)
072 _aL73; L70
100 1 _aOliveira, R.L. de
100 1 _aFigueiredo, J.B.
100 1 _aReis, R.
245 1 _aAplicacao da imunofluorescencia no estudo da doenca de Newcastle experimental [galinha]
650 _aVETERINARIA
650 _aGALINHA
650 _aNEWCASTLE
650 _aIMUNOFLUORESCENCIA
650 _aSORO
773 0 _tArquivos da Escola de Veterinaria da Universidade Federal de Minas Gerais (Brazil)
_xISSN 0365-8384
_g(1978), v. 30(2) p. 155-163
_wBR7900835
909 _a202311
_bLúcia
_c55
_dLúcia Elande
942 _2AGRIS
_n0
_cANA
999 _c100165
_d100165